000 00495nam a22001817a 4500
005 20251108175200.0
008 250721s9999 xx 000 0 ara d
082 1 4 _aط/210.4/حسن
100 1 _aحسن، احمد محمد
245 1 0 _aالزعيم : القلب /
264 1 _aجدة :
_bاطفالنا،
490 0 _aنعم الله
650 1 7 _aالاسلام
650 1 7 _aالقلب
653 _a ناشئون صغار (10-14) سنة
942 _2ddc
_cBK
999 _c128099
_d128099